LEADER 03481nam 22006852 450 001 9910457572303321 005 20160421113223.0 010 $a1-107-16577-6 010 $a1-280-48007-6 010 $a0-511-22063-4 010 $a0-511-22124-X 010 $a0-511-21927-X 010 $a0-511-53594-5 010 $a0-511-31695-X 010 $a0-511-21995-4 024 3 $z9780521854245 035 $a(CKB)1000000000352401 035 $a(EBL)261130 035 $a(OCoLC)560227629 035 $a(SSID)ssj0000139824 035 $a(PQKBManifestationID)11144879 035 $a(PQKBTitleCode)TC0000139824 035 $a(PQKBWorkID)10029384 035 $a(PQKB)11275982 035 $a(UkCbUP)CR9780511535949 035 $a(MiAaPQ)EBC261130 035 $a(Au-PeEL)EBL261130 035 $a(CaPaEBR)ebr10130439 035 $a(CaONFJC)MIL48007 035 $a(EXLCZ)991000000000352401 100 $a20090430d2006|||| uy| 0 101 0 $aeng 135 $aur||||||||||| 181 $ctxt$2rdacontent 182 $cc$2rdamedia 183 $acr$2rdacarrier 200 10$aDiscrete inverse and state estimation problems $ewith geophysical fluid applications /$fCarl Wunsch$b[electronic resource] 210 1$aCambridge :$cCambridge University Press,$d2006. 215 $a1 online resource (xi, 371 pages) $cdigital, PDF file(s) 300 $aTitle from publisher's bibliographic system (viewed on 05 Oct 2015). 311 $a1-107-40606-4 311 $a0-521-85424-5 320 $aIncludes bibliographical references and index. 327 $aFundamental machinery -- Basic machinery -- Extensions of methods -- The time-dependent inverse problem : state estimation -- Time-dependent methods 2 -- Applications to steady problems -- Applications to time-dependent fluid problems. 330 $aThe problems of making inferences about the natural world from noisy observations and imperfect theories occur in almost all scientific disciplines. This 2006 book addresses these problems using examples taken from geophysical fluid dynamics. It focuses on discrete formulations, both static and time-varying, known variously as inverse, state estimation or data assimilation problems. Starting with fundamental algebraic and statistical ideas, the book guides the reader through a range of inference tools including the singular value decomposition, Gauss-Markov and minimum variance estimates, Kalman filters and related smoothers, and adjoint (Lagrange multiplier) methods. The final chapters discuss a variety of practical applications to geophysical flow problems. Discrete Inverse and State Estimation Problems is an ideal introduction to the topic for graduate students and researchers in oceanography, meteorology, climate dynamics, and geophysical fluid dynamics. It is also accessible to a wider scientific audience; the only prerequisite is an understanding of linear algebra. 517 3 $aDiscrete Inverse & State Estimation Problems 606 $aOceanography$xMathematical models 606 $aEstimation theory 606 $aGeophysics$xFluid models 615 0$aOceanography$xMathematical models. 615 0$aEstimation theory. 615 0$aGeophysics$xFluid models. 676 $a551.4601519287 700 $aWunsch$b Carl$0633621 801 0$bUkCbUP 801 1$bUkCbUP 906 $aBOOK 912 $a9910457572303321 996 $aDiscrete inverse and state estimation problems$91211833 997 $aUNINA LEADER 02329nam 2200589 a 450 001 9910480339803321 005 20170822114620.0 010 $a1-322-60542-4 010 $a1-4833-7681-8 010 $a1-4833-2876-7 035 $a(CKB)2560000000250760 035 $a(EBL)1920463 035 $a(SSID)ssj0001185304 035 $a(PQKBManifestationID)12510812 035 $a(PQKBTitleCode)TC0001185304 035 $a(PQKBWorkID)11209303 035 $a(PQKB)11242262 035 $a(MiAaPQ)EBC1920463 035 $a(OCoLC)1007860242 035 $a(StDuBDS)EDZ0000159424 035 $a(EXLCZ)992560000000250760 100 $a20130912d2004 fy| 0 101 0 $aeng 135 $aur|n|---||||| 181 $ctxt 182 $cc 183 $acr 200 10$aAttention$b[electronic resource] $etheory and practice /$fAddie Johnson, Robert W. Proctor 210 $aLondon $cSAGE$d2004 215 $a1 online resource (489 p.) 300 $aDescription based upon print version of record. 311 $a0-7619-2760-3 311 $a0-7619-2761-1 320 $aIncludes bibliographical references (pages 397-447) and indexes. 327 $aHistorical overview of research on attention -- Information processing and the study of attention -- Selective visual attention -- Auditory and crossmodal attention -- Attention and inhibition -- Multiple-task performance -- Memory and attention -- Attention and displays -- Mental workload and situation awareness -- Individual differences in attention -- The cognitive neuroscience of attention -- Disorders of attention. 330 8 $aThe authors provide a balance between a readable overview of attention and an emphasis on how theories and paradigms for the study of attention have developed. It is an ideal text for advanced undergraduate and graduate students in psychology. 606 $aAttention 606 $aHuman information processing 606 $aMemory 608 $aElectronic books. 615 0$aAttention. 615 0$aHuman information processing. 615 0$aMemory. 676 $a153.733 700 $aJohnson$b Addie$01034845 701 $aProctor$b Robert W$0847902 801 0$bStDuBDS 801 1$bStDuBDS 906 $aBOOK 912 $a9910480339803321 996 $aAttention$92454222 997 $aUNINA